[Event "Langley op"]
[Site "Langley"]
[Date "2017.09.03"]
[Round "3.7"]
[White "Angelvette, Duane"]
[Black "Williamson, Jason"]
[Result "0-1"]
[WhiteElo "1543"]
[BlackElo "1912"]
[PlyCount "52"]
[EventDate "2017.09.02"]
[EventType "swiss"]
[EventRounds "6"]
[EventCountry "CAN"]
[SourceTitle "EXT 2022"]
[Source "ChessBase"]
[SourceDate "2021.10.06"]
[SourceVersion "1"]
[SourceVersionDate "2021.10.06"]
[SourceQuality "1"]

1. d4 Nf6 2. Nc3 e6 3. e4 Bb4 4. e5 Ne4 5. Qg4 Nxc3 6. a3 Nd5+ 7. axb4 Qe7 8. c3 0-0 9. Bd3 f6 10. Nf3 fxe5 11. h4 Nf6 12. Qg3 e4 13. Bg5 exd3 14. h5 d6 15. h6 g6 16. Rh4 Nbd7 17. Rf4 Qe8 18. Qh4 e5 19. dxe5 Nxe5 20. Nxe5 Qxe5+ 21. Kf1 Qe2+ 22. Kg1 d2 23. Rd4 Qe1+ 24. Kh2 Ng4+ 25. Rxg4 Bxg4 26. Qxg4 Qxa1 0-1